| 000 | 00468nam a2200181Ia 4500 | ||
|---|---|---|---|
| 001 | 23041 | ||
| 005 | 20260414150911.0 | ||
| 008 | 260414t2020||||xx |||||||||||||| ||spa|| | ||
| 041 | _aESP | ||
| 082 |
_a624.1771 _bV66 |
||
| 100 |
_aVillarreal Castro, Genner _eAUT |
||
| 245 | 0 |
_aProblemas resueltos con el código hondureño de construcción _b |
|
| 260 | _c2020 | ||
| 300 |
_a54 páginas : _c29 cm. |
||
| 650 | _a0 | ||
| 654 | _aCIC | ||
| 942 |
_cLIB _dJUS _fJUS _2ddc _n |
||
| 999 |
_c23041 _d23041 |
||